Quehacer radiofónico y educación informal : radio educación como estudio de caso.

Saved in:
Bibliographic Details
Main Author: Ballesteros Molina, Luz María (autor)
Other Authors: Hernández Ordaz, Jorge, Asesor (autor) Asesor, (autor), Rodríguez Guerra, María del Carmen (autor) (autor)
Format: Book
Language:Español
Subjects:
Tags: Add Tag
No Tags, Be the first to tag this record!

MARC

LEADER 00000cam^a2200000uu^4500
001 000469921
005 20250521000000.0
008 050901s1992^^^^^^^^^^^^rm^r^^000^0^spa^d
009 20260310124546.984
035 |a FCE 000012693 
035 |a FCE 011571 
037 |a Acervo ITESO - Biblioteca 
041 |a spa 
082 0 4 |a 371.3331  |b BALq 
100 |a Ballesteros Molina, Luz María  |e (autor) 
245 1 0 |a Quehacer radiofónico y educación informal :  |b radio educación como estudio de caso. 
264 |a México :  |b L. María Ballesteros Molina : Ma. del Carmen Rodríguez Guerra,  |c 1992. 
300 |a 221 p. 
336 |a texto  |b txt  |2 rdacontenido 
337 |a sin mediación  |b n  |2 rdamedio 
338 |a volumen  |b nc  |2 rdasoporte 
596 |a Tesis. (Licenciada en Periodismo y Comunicación Colectiva) -- Universidad Nacional Autónoma de México. Escuela Nacional de Estudios Profesionales Aragón. 
649 |a XX 
650 |a Radio educativa 
650 |a Educación informal 
650 |a Radiodifusión 
650 |a Estudios de casos 
650 |a Educación secundaria 
700 |a Hernández Ordaz, Jorge,  |e Asesor  |e (autor) 
700 |a Rodríguez Guerra, María del Carmen  |e (autor) 
910 |a Fondo Centro de Estudios Educativos 
920 |a Impresos - Libros 
930 |a Fondos Especiales 
905 |a 133 
901 |a ALE011571  |b IT2  |c CEE  |u 20250521 
902 |a https://opac.biblio.iteso.mx/vufind/Record/000469921